Rubió : església parroquial de Santa Maria (segles XII-XIV) església parroquial de Santa Maria (segles XII-XIV)
Publicado:
Barcelona :
Diputació de Barcelona. Àrea de Territori i Sostenibilitat. Gerència de Serveis d'Equipaments, Infraestructures Urbanes i Patrimoni Arquitectònic ,
2012
Descripción Física:
31 p. : il. col, fot. ; 20 x 15 cm
MARC
| LEADER | 00000nam a2200000Ia 4500 | ||
|---|---|---|---|
| 001 | 23683 | ||
| 008 | 160829s2012 xx 000 0 cat d | ||
| 080 | |a FU-61-105 | ||
| 245 | |a Rubió : |b església parroquial de Santa Maria (segles XII-XIV) | ||
| 260 | |a Barcelona : |b Diputació de Barcelona. Àrea de Territori i Sostenibilitat. Gerència de Serveis d'Equipaments, Infraestructures Urbanes i Patrimoni Arquitectònic, |c 2012 | ||
| 300 | |a 31 p. : |b il. col, fot. ; |c 20 x 15 cm | ||
| 650 | |a Església parroquial de Santa Maria (Rubió) |9 49261 | ||
| 710 | 1 | |a Rubí (Catalunya). |b Ajuntament |9 54191 | |
| 710 | |a Barcelona (Catalunya : Província). |b Servei de Patrimoni Arquitectònic Local |9 19202 | ||
| 901 | |a Arxiu | ||
| 942 | |n 1 | ||
| 952 | |0 0 |1 0 |4 0 |6 FU61105 |7 1 |9 55231 |a Arxiu |b Arxiu |d 2016-12-01 |l 0 |o FU-61-105 |p 23683 |r 2016-12-01 00:00:00 |w 2016-12-01 |y ARXIU | ||
| 999 | |c 59103 |d 59103 | ||